[Event "POL-chT U20 2nd League"]
[Site "Sypniewo"]
[Date "2020.??.??"]
[Round "8.44"]
[White "Motyl, Mateusz"]
[Black "Mossakowski, Jakub"]
[Result "1-0"]
[WhiteElo "1109"]
[BlackElo "1302"]
[PlyCount "109"]
[EventDate "2020.10.23"]
[EventType "team-swiss"]
[EventRounds "9"]
[EventCountry "POL"]
[SourceTitle "CBM 199 Extra"]
[Source "ChessBase"]
[SourceDate "2021.01.31"]
[SourceVersion "1"]
[SourceVersionDate "2021.01.31"]
[SourceQuality "1"]

1. d4 Nf6 2. c4 g6 3. g3 c6 4. Bg2 d5 5. b3 Bg7 6. Nf3 0-0 7. 0-0 Be6 8. Ne5 Nbd7 9. f4 dxc4 10. bxc4 Nb6 11. Qd3 Ng4 12. Nd2 Bf5 13. e4 Nxe5 14. fxe5 Bg4 15. Qe3 Qc7 16. c5 Na4 17. Qb3 b5 18. cxb6 axb6 19. h3 Bd7 20. Nf3 h6 21. Bf4 Be6 22. d5 Nc5 23. Qc2 cxd5 24. exd5 Bxd5 25. e6 Be4 26. Qc4 Qb7 27. exf7+ Kh7 28. Rae1 Ra4 29. Qe2 Bd3 30. Qd2 Qa6 31. Rf2 Ne4 32. Rxe4 Bxe4 33. Be5 Qd3 34. Bxg7 Kxg7 35. Qb2+ Kh7 36. Ne5 Bxg2 37. Nxd3 Bxh3 38. Qd2 Bf5 39. Ne5 Re4 40. Rxf5 Rxe5 41. Rxe5 Rxf7 42. Qd8 e6 43. Rxe6 h5 44. Qe8 Rg7 45. Re7 Rxe7 46. Qxe7+ Kh6 47. a4 h4 48. gxh4 g5 49. Qxg5+ Kh7 50. a5 Kh8 51. a6 Kh7 52. a7 Kh8 53. a8R+ Kh7 54. Ra7+ Kh8 55. Qg7# 1-0